000 00722nam a2200277Ia 4500
003 OSt
005 20221006145234.0
006 a|||||r|||| 00| 0
007 ta
008 221006b |||||||| |||| 00| 0 chi d
020 _a9787100026116
_cYu 11.00
024 _a14,208
037 _bGift, PRC
_cTextual
040 _aEASL
_cEASL
_bchi
041 _2chi
_achi
082 _aP41, P0
100 _aSHI You Wei
_9653807
245 0 _aHanyu wai lai ci
260 _aBeijing
_bShangwu Yin Shuguan China
_c2000
300 _a239p.
_ccm.
490 _v CL
650 _a CL
_9642733
650 _aLinguistic
_9558313
942 _hP41, P0
_cTEXL
_2CC
999 _c1082294
_d1082294